La politique linguistique de l´Union européenne bakalárska práca

Salvato in:
Dettagli Bibliografici
Autore principale: Litavcová, Lucia
Ente Autore: Fakulta aplikovaných jazykov EU v Bratislave. Katedra románskych a slovanských jazykov
Altri autori: Rizeková, Iveta, 1961-
Natura: Libro
Lingua:francese
Pubblicazione: Bratislava 2020
Tags: Aggiungi Tag
Nessun Tag, puoi essere il primo ad aggiungerne!!

MARC

LEADER 00000nbm a2200000 4500
001 0265240
005 20210331125607.5
041 0 |a fre 
044 |a SK 
245 1 0 |a La politique linguistique de l´Union européenne  |b bakalárska práca  |c Lucia Litavcová ; školiteľ: Iveta Rizeková 
264 1 |a Bratislava  |c 2020 
300 |a 50 s. 
100 1 |a Litavcová, Lucia 
700 1 |a Rizeková, Iveta, 1961- 
710 2 |a Fakulta aplikovaných jazykov EU v Bratislave. Katedra románskych a slovanských jazykov